ECTS and diploma supplement label holders 2011 & 2012 internationalisation in Europe's universities
Salvato in:
| Ente Autore: | |
|---|---|
| Natura: | Libro |
| Lingua: | inglese |
| Pubblicazione: |
Luxembourg
Publications Office of the European Union
2014
|
| Soggetti: | |
| Tags: |
Nessun Tag, puoi essere il primo ad aggiungerne!!
|
MARC
| LEADER | 00000nam a2200000 4500 | ||
|---|---|---|---|
| 001 | 0185069 | ||
| 005 | 20240313132837.9 | ||
| 020 | |a 978-92-79-27155-7 | ||
| 041 | 0 | |a eng | |
| 044 | |a LU | ||
| 245 | 1 | 0 | |a ECTS and diploma supplement label holders 2011 & 2012 |b internationalisation in Europe's universities |
| 264 | 1 | |a Luxembourg |b Publications Office of the European Union |c 2014 | |
| 300 | |a 55 s. | ||
| 610 | 2 | 0 | |a štúdium vysokoškolské |
| 610 | 2 | 0 | |a školy vysoké |
| 610 | 2 | 0 | |a univerzity |
| 610 | 2 | 0 | |a internacionalizácia |
| 610 | 2 | 0 | |a spolupráca medzinárodná |
| 610 | 2 | 0 | |a študenti |
| 610 | 2 | 0 | |a študenti zahraniční |
| 610 | 2 | 0 | |a odbory študijné |
| 610 | 2 | 0 | |a hodnotenie práce |
| 610 | 2 | 0 | |a transparentnosť |
| 610 | 2 | 0 | |a akreditácia |
| 610 | 2 | 0 | |a Európska únia |
| 610 | 2 | 0 | |a Európa |
| 610 | 2 | 0 | |a Erasmus |
| 110 | 2 | |a European Commission | |